Дело о производстве по ведению Конторы мостовых работ

Доступно только в Электронных читальных залах Найти на картеНа карте
RUSMARC
00003491nmc2a22002413x 450
00190dafc38-95b7-494c-91f2-1d9915e0c07e
00520221207214020.0
100##$a20220729l18261826k l0rusy0189 ca
1010#$arus
102##$aRU
105##$ay###
1222#$ad
2001#$aДело о производстве по ведению Конторы мостовых работ
$j30 июня - 25 октября 1826 г.
215##$a206 л.
$d36,5х26 см
251##$cДело
300##$aДело
371##$aДокумент не является опубликованным и широко распространяемым
461#0$1001625a9a7e-a890-4307-a7fe-826a2289a412
$12001
$aГоф-интенданская контора Министерства императорского двора
$1251
$cФонд
$1852
$j470
462#0$1001320e7db8-3bd4-4020-be0b-720c9a27c9ec
$12001
$aО мостовых и тротуарах
$1251
$cОпись
$1852
$j1
$l98-532
801#0$aRU
$bРГИА
$c20220729
$gRCR
801#1$aRU
$bГлавНИВЦ
$c20220729
$2rusmarc
801#2$aRU
$bПБ им. Б.Н. Ельцина
$c20221207
$gRCR
$2rusmarc
850##$aРГИА
852##$aРГИА
$eФедеральное казенное учреждение "Российский государственный исторический архив" (РГИА)
$j22
937##$hРГИА
$d12390155
$aASBIBLIO_SCAN
035##$aRusGRCC00049867
856##$uhttp://readingroom.main.prlib.ru/item.aspx?id_node=n181385638&mode=full
Формат отображения